000 00855nam a2200181Ia 4500
008 090124s9999 xx 000 0 und d
082 _b4334
100 _aकेतकर वा.वि.
245 _a पं.गजाननराव जोशी आत्मचरीत्र व व्हायोलिनच्या गती
250 _a1
260 _b"गोरेगाव म्यूझिक सर्कल,"
_c1971
300 _a142
600 _aकेतकर वा.वि.
630 _a पं.गजाननराव जोशी आत्मचरीत्र व व्हायोलिनच्या गती
700 _aकेतकर वा.वि.
730 _a पं.गजाननराव जोशी आत्मचरीत्र व व्हायोलिनच्या गती
942 _cBOOK
999 _c83166
_d83166